000 00895nam a22002657a 4500
001 72141
003 BD-RjUL
005 20211209082221.0
008 170514r20021973enka 000 0 eng d
020 _a8178081636
035 _a(BD-RjUL)72357
040 _aTXV
_cTXV
_dMYG
_dBD-RjUL
_beng
041 _aeng
082 _223
_a547
_bFIO 2002
100 1 _aFinar, I. L.
_q(Ivor Lionel)
_9118602
245 1 0 _aOrganic chemistry /
_cI. L. Finar
250 _a6th ed.
260 _aHarlow [England] :
_bJ. Wiley Distributor,
_c1973,[Reprinted 2002]
300 _aVol. 1 :
_bill. ;
_c25 cm.
500 _aAmerican ISBN and distribution statement mounted on p. 4 of cover.
504 _aIncludes bibliographies and index.
505 0 _av. 1. The fundamental principles -- v. 2. Stereochemistry and the chemistry of natural products.
650 0 _aChemistry, Organic.
_9213367
942 _2ddc
_cBK
999 _c72141
_d72141